|
|
|
|
| LEADER |
00000naa2a2200000 4500 |
| 001 |
114696 |
| 005 |
20231031122331.0 |
| 035 |
|
|
|a (RuTPU)RU\TPU\book\124042
|
| 090 |
|
|
|a 114696
|
| 100 |
|
|
|a 20070425d2006 k y0rusy50 ca
|
| 101 |
0 |
|
|a rus
|
| 102 |
|
|
|a RU
|
| 200 |
1 |
|
|a Методическое и программное обеспечение субъективной оценки качества восстановленных после сжатия изображений
|f М. А. Карагодин
|
| 320 |
|
|
|a Библиогр.: 3 назв.
|
| 461 |
|
1 |
|0 (RuTPU)RU\TPU\book\111998
|t Современные техника и технологии
|o 12-я международная научно-практическая конференция студентов, аспирантов и молодых ученых, г. Томск, 27 марта - 31 марта 2006 г.
|o труды в 2 т.
|f Томский политехнический университет
|d 2006
|
| 463 |
|
0 |
|0 (RuTPU)RU\TPU\book\114157
|t Т. 2
|v С. 73-74
|d 2006
|p 518 с.
|
| 610 |
1 |
|
|a программное обеспечение
|
| 610 |
1 |
|
|a изображения
|
| 610 |
1 |
|
|a сжатие изображений
|
| 610 |
1 |
|
|a оценка
|
| 610 |
1 |
|
|a качество
|
| 610 |
1 |
|
|a алгоритмы сжатия изображений
|
| 610 |
1 |
|
|a труды учёных ТПУ
|
| 700 |
|
1 |
|a Карагодин
|b М. А.
|
| 801 |
|
1 |
|a RU
|b 63413507
|c 20070425
|g PSBO
|
| 801 |
|
2 |
|a RU
|b 63413507
|c 20141105
|g RCR
|
| 942 |
|
|
|c BK
|